Catálogo
Digital

Catálogo
Digital

Matemáticas con Microsoft Excel (Record no. 14409)

MARC details
000 -CABECERA
campo de control de longitud fija 01841nam a2200325 4500
003 - IDENTIFICADOR DEL NÚMERO DE CONTROL
campo de control EC-UNACH
005 - FECHA Y HORA DE LA ÚLTIMA TRANSACCIÓN
campo de control 20260313151853.0
006 - CÓDIGOS DE INFORMACIÓN DE LONGITUD FIJA--CARACTERÍSTICAS DEL MATERIAL ADICIONAL
campo de control de longitud fija s||||gr|||| 00| 00
008 - DATOS DE LONGITUD FIJA--INFORMACIÓN GENERAL
campo de control de longitud fija 150116t9999 mx r gr 000 0 spa d
020 ## - NÚMERO INTERNACIONAL ESTÁNDAR DEL LIBRO
Número Internacional Estándar del Libro 970-15-1153-0
040 ## - FUENTE DE LA CATALOGACIÓN
Centro catalogador/agencia de origen EC-UNACH
Centro/agencia transcriptor EC-UNACH
041 ## - CÓDIGO DE LENGUA
Código de lengua del texto/banda sonora o título independiente Español
082 04 - NÚMERO DE LA CLASIFICACIÓN DECIMAL DEWEY
Número de edición 23
Número de clasificación 510
Número de documento/Ítem L018582
100 ## - ENTRADA PRINCIPAL--NOMBRE DE PERSONA
Nombre de persona Barrera A., Miguel
245 ## - MENCIÓN DE TÍTULO
Título Matemáticas con Microsoft Excel
250 ## - MENCIÓN DE EDICIÓN
Mención de edición Primera Edición
Resto de la mención de edición Tercera Reimpresión
264 ## - Producción, publicación, distribución, fabricación y copyright
Lugar de producción, publicación, distribución, fabricación México
Nombre del de productor, editor, distribuidor, fabricante AlfaOmega Grupo Editor
Fecha de de producción, publicación, distribución, fabricación o copyright 2005
300 ## - DESCRIPCIÓN FÍSICA
Extensión 241 páginas
Otras características físicas Tablas, figuras, imágenes
Dimensiones 23 x 17 centímetros
Material acompañante/anejo CD
501 ## - NOTA DE "CON"
Nota de “Con” Incluye índice, Introducción, Anexo, Bibliografía, Índice Alfabético
505 ## - NOTA DE CONTENIDO CON FORMATO
Nota de contenido con formato Capítulo 1. Herramientas Básicas -- Capítulo 2. Simulación de movimiento -- Capítulo 3. Programación en Visual Basic con Macros -- Capítulo 4. Resolución de Ecuaciones -- Capítulo 5. Resolución de sistemas -- Capítulo 6. Álgebra Matricial -- Capítulo 7. Familias de Funciones -- Capítulo 8. Cálculo Diferencial -- Capítulo 9. Funciones Definidas por el usuario -- Capítulo 10. Optimización: La herramienta SOLVER -- Capítulo 11. Cálculo Integral -- Capítulo 12. Simetrías -- Capítulo 13. Probabilidad -- Capítulo 14. Geometría -- Capítulo 15. Estadística -- Capítulo 16. Ecuaciones Diferenciales -- Capítulo 17. Teoría de Números -- Capítulo 18. Tres Dimensiones -- Capítulo 19. Ecuaciones Paramétricas -- Capítulo 20. Otras Utilidades -- Capítulo 21. Investigación con Excel
650 ## - PUNTO DE ACCESO ADICIONAL DE MATERIA--TÉRMINO DE MATERIA
Término de materia o nombre geográfico como elemento inicial SIMULACIÓN DE MOVIMIENTO
650 ## - PUNTO DE ACCESO ADICIONAL DE MATERIA--TÉRMINO DE MATERIA
Término de materia o nombre geográfico como elemento inicial RESOLUCIÓN DE ECUACIONES
650 ## - PUNTO DE ACCESO ADICIONAL DE MATERIA--TÉRMINO DE MATERIA
Término de materia o nombre geográfico como elemento inicial SIMETRÍAS
650 ## - PUNTO DE ACCESO ADICIONAL DE MATERIA--TÉRMINO DE MATERIA
Término de materia o nombre geográfico como elemento inicial CÁLCULO INTEGRAL
650 ## - PUNTO DE ACCESO ADICIONAL DE MATERIA--TÉRMINO DE MATERIA
Término de materia o nombre geográfico como elemento inicial PROBABILIDAD
942 ## - ELEMENTOS DE PUNTO DE ACCESO ADICIONAL (KOHA)
Fuente del sistema de clasificación o colocación Clasificación Decimal Dewey
Tipo de ítem Koha Libros
999 ## - NÚMEROS DE CONTROL DE SISTEMA (KOHA)
Koha biblionumber 14409
Holdings
Estado de pérdida Fuente del sistema de clasificación o colocación Estado dañado No para préstamo Localización permanente Ubicación/localización actual Ubicación en estantería Fecha de adquisición Fuente de adquisición Número de inventario Total de préstamos Signatura topográfica completa Código de barras Fecha visto por última vez Número de copia Precio válido a partir de Tipo de ítem Koha Centro de costos
  Clasificación Decimal Dewey     Biblioteca Campus Sur Biblioteca Campus Sur Pedagogía de las Ciencias Experimentales 13/03/2026 Donación ITB-0012-2025 40955930   510 BAR L018582 L018582 13/03/2026 01 13/03/2026 Libros  

Powered by Koha